000 00710cam a2200253 a 4500
001 881
005 20230908135642.0
020 _a9780823410309
040 _aDLC
_cDLC
_dDLC
_beng
050 0 0 _aQL737.C4
_bG37 1991
082 0 0 _a599.5
_220
100 1 _aGibbons, Gail.
245 1 0 _aWhales /
_cby Gail Gibbons.
260 _aNew York :
_bHoliday House,
_c1991.
300 _a30 unnumbered pages
_bcolor illustrations, maps ;
_c21 cm
505 _aN
520 _aIntroduces different kinds of whales.
521 _a590
_bLexile
521 _a590
_bRaz-Plus
650 0 _aWhales
_xNon-fiction.
650 1 _aWhales.
906 _a7
_bcbc
_corignew
_d1
_eocip
_f19
_gy-gencatlg
942 _2ddc
_cBK
_n0
999 _c881
_d881